Capitani della Juventus - Statistics

Statistiche generali
  • Questo quiz è stato fatto 132 volte
  • Il punteggio medio è 11 su 26
Statistiche sulle risposte
Ruolo Stagioni al club Stagioni da capitano Presenze Reti Calciatore % Corretto
TQ/SP 1993-2012 2001-2012 (11) 705 290 Alessandro Del Piero
100%
P 2001-2018; 2019-2021 2012-2018 (6) 685 0 Gianluigi Buffon
98%
TS/DC 2005-2022 2018-2022 (4) 561 36 Giorgio Chiellini
97%
DC 2010-2017; 2018-2023 2022-2023 (1) 502 35 Leonardo Bonucci
95%
CC 2021- 2025- (1) 182 6 Manuel Locatelli
92%
TZ/DC 2019-2025 2023-2025 (2) 213 9 Danilo
74%
L 1974-1988 1983-1988 (5) 552 32 Gaetano Scirea
70%
CA 1992-1996 1995-1996 (1) 145 53 Gianluca Vialli
56%
TQ 1990-1995 1992-1995 (3) 200 115 Roberto Baggio
55%
M/CC 1991-2004 1996-2001 (5) 419 44 Antonio Conte
52%
CA/TQ 1946-1961 1954-1961 (7) 459 179 Giampiero Boniperti
45%
TQ 1957-1965 1963-1965 (2) 253 167 Omar Sívori
45%
TS 1976-1989 1988-1989 (1) 440 52 Antonio Cabrini
39%
P 1983-1992 1990-1992 (2) 377 0 Stefano Tacconi
38%
M/R 1969-1984 1976-1983 (7) 528 19 Giuseppe Furino
24%
TS 1935-1946; 1947-1950 1942-1946; 1947-1950 (7) 330 15 Pietro Rava
20%
DC 1978-1990 1989-1990 (1) 378 24 Sergio Brio
19%
CA 1968-1976 1974-1976 (2) 303 130 Pietro Anastasi
15%
L 1962-1974 1970-1974 (4) 450 17 Sandro Salvadore
15%
M/TZ 1939-1954 1950-1954 (4) 339 11 Carlo Parola
6%
L 1958-1970 1965-1970 (5) 340 3 Ernesto Càstano
6%
TD 1923-1936 1929-1935 (6) 366 19 Virginio Rosetta
6%
M 1913-1915; 1920-1931 1922-1929 (7) 243 1 Carlo Bigatto
5%
M/R 1930-1939 1935-1938 (3) 263 21 Luis Monti
5%
M 1955-1963 1961-1963 (2) 246 9 Flavio Emoli
4%
M 1928-1942 1938-1942 (4) 402 16 Mario Varglien
4%
Nessun quiz corrispondente trovato
Distribuzione punteggi
Percentuale di utenti per punteggio
Percentile per numero di risposta
I tuoi punteggi nel tempo
Non hai fatto questo quiz